Fünf größte Städte pro Land - Statistiken

Allgemein
  • Dieses Quiz wurde 13.954 mal gespielt
  • Das Durchschnittsergebnis liegt bei 29 aus 60
Antwortstatistiken
Land Stadt % Korrekt
Vereinigte Staaten New York
98%
Vereinigtes Königreich London
96%
Japan Tokio
95%
Vereinigte Staaten Los Angeles
92%
Russland Moskau
91%
Brasilien Rio de Janeiro
91%
Australien Sydney
89%
Mexiko Mexiko-Stadt
88%
China Peking
87%
Vereinigtes Königreich Manchester
84%
Brasilien Brasília
83%
Russland St. Petersburg
83%
Südafrika Kapstadt
78%
Südafrika Johannesburg / Pretoria
77%
Kanada Toronto
76%
Vereinigte Staaten Chicago
75%
Vereinigtes Königreich Liverpool
75%
Indien Mumbai
74%
Brasilien São Paulo
72%
China Shanghai
72%
Australien Melbourne
71%
Kolumbien Bogotá
68%
Vereinigtes Königreich Birmingham
66%
Kanada Vancouver
65%
Vereinigte Staaten Washington D.C.
65%
Indien Delhi
63%
Vereinigte Staaten San Francisco
63%
Australien Perth
59%
Japan Osaka
57%
Kanada Montreal
51%
Australien Brisbane
43%
Indien Kolkata
40%
China Guangzhou / Shenzhen
39%
Vereinigtes Königreich Leeds
36%
Kolumbien Medellín
34%
Australien Adelaide
32%
Brasilien Belo Horizonte
31%
Südafrika Durban
26%
Mexiko Guadalajara
25%
Kanada Calgary
24%
Indien Bengaluru
23%
Südafrika Bloemfontein
23%
Kanada Edmonton
23%
Indien Chennai
21%
Kolumbien Cali
20%
Mexiko Monterrey
18%
Japan Sapporo
18%
Japan Nagoya
17%
Russland Jekaterinburg
16%
Russland Nowosibirsk
16%
Russland Nischni Nowgorod
14%
Brasilien Porto Alegre
13%
Südafrika Port Elizabeth
12%
China Tianjin
12%
China Xiamen
11%
Japan Fukuoka
10%
Kolumbien Barranquilla
9%
Mexiko Puebla
7%
Kolumbien Bucaramanga
4%
Mexiko Toluca
3%
Keine übereinstimmenden Quizze gefunden
Verteilung der Resultate
Anzahl Personen mit jedem Resultat
Perzentil nach korrekt beantworteten Fragen
Ihre Resultats-Entwicklung
Sie haben dieses Quiz noch nicht gespielt